000 00798nam a2200253Ia 4500
003 OSt
005 20221005081021.0
006 a|||||r|||| 00| 0
007 ta
008 221004b |||||||| |||| 00| 0 eng d
020 _a8178242281 (pbk)
_c695
024 _a98558
037 _bCRL079, 24/12/2009, Independent Publishers Group
_cTextual
040 _aCRL
_cCRL
_beng
041 _2eng
_aeng
082 _aNA44,L, P1
100 _aJuneja Monica Ed.
_937679
245 0 _aArchitecture in medieval India
_b Forms, contexts, histories
260 _aNew Delhi
_bPermanent Black India
_c2001
300 _axv, 639p.
_ccm.
650 _aARTS
942 _hNA44,L, P1
_cTEXL
_2cc
999 _c987037
_d987037